000161379 001__ 161379 000161379 005__ 20250613111159.0 000161379 037__ $$aTAZ-TFG-2025-811 000161379 041__ $$aspa 000161379 1001_ $$aOcón Ocón, Alberto 000161379 24200 $$aCinema and Soundtracks in Primary School 000161379 24500 $$aEl Cine y las Bandas sonoras en Educación Primaria 000161379 260__ $$aZaragoza$$bUniversidad de Zaragoza$$c2025 000161379 506__ $$aby-nc-sa$$bCreative Commons$$c3.0$$uhttp://creativecommons.org/licenses/by-nc-sa/3.0/ 000161379 520__ $$aEl Trabajo de Fin de Grado realiza una revisión del cine y las bandas sonoras como recurso en el aula de Educación Primaria en el área de Música y Danza. El marco teórico de la investigación se fundamenta en la psicología y la pedagogía y se confirma su importancia en el desarrollo cognitivo, emocional, psicomotriz y social del niño/a. Además, se plantea una indagación empírica mediante cuatro entrevistas a docentes de diferentes ámbitos escolares que valorarán su forma de implementarlo. Por otra parte, también se desarrolla una propuesta que incluye distintas actividades con canciones de películas diferentes que ofrecerán formas de enseñar a través del cine con contenidos del temario de educación musical. Como conclusión, el cine y las bandas sonoras no solo fomentan las habilidades musicales, sino que también facilitan el aprendizaje de otras áreas, al tiempo que promueven la inclusión, el bienestar emocional y la creatividad potenciando la significatividad del aprendizaje. La implementación educativa del cine implica al docente poner en valor los distintos aspectos mediante experiencias y proyectos que permitan integrar contenidos musicales y cinematográficos en experiencias artísticas musicales y escénicas.<br /><br /> 000161379 521__ $$aGraduado en Magisterio en Educación Primaria 000161379 540__ $$aDerechos regulados por licencia Creative Commons 000161379 691__ $$a0 000161379 692__ $$a 000161379 700__ $$aDel Barrio Aranda, Luis$$edir. 000161379 7102_ $$aUniversidad de Zaragoza$$b $$c 000161379 8560_ $$f843842@celes.unizar.es 000161379 8564_ $$s1170545$$uhttps://zaguan.unizar.es/record/161379/files/TAZ-TFG-2025-811.pdf$$yMemoria (spa) 000161379 909CO $$ooai:zaguan.unizar.es:161379$$pdriver$$ptrabajos-fin-grado 000161379 950__ $$a 000161379 951__ $$adeposita:2025-06-13 000161379 980__ $$aTAZ$$bTFG$$cFEDU 000161379 999__ $$a20250516094858.CREATION_DATE